000
00263nam a2200109Ia 4500
008
190216s9999||||xx |||||||||||||| ||und||
100
_a
Chaco I C
245
0
_a
Malayalam-Panineeya Prayogam
260
_b
Vallathole Vidhyapedam
650
_a
Malayalam
942
_c
BK
999
_c
24055
_d
24055